Contemporáneos : notas de crítica /

Guardado en:
書目詳細資料
主要作者: Torres Bodet, Jaime (autor)
格式: 圖書
語言:西班牙语
主題:
標簽: 添加標簽
沒有標簽, 成為第一個標記此記錄!

MARC

LEADER 00000nam^a2200000^a^4500
001 000141861
005 20250521000000.0
009 20260310095629.065
037 |a Acervo ITESO - Biblioteca 
041 |a ESP 
082 |a 864.  |b TOR 
100 |a Torres Bodet, Jaime  |e (autor) 
245 1 0 |a Contemporáneos :  |b notas de crítica /  |c J. Torres Bodet. 
264 |a México :  |b Herrero Hermanos,  |c 1928 
300 |a 152 p. 
336 |a texto  |b txt  |2 rdacontenido 
337 |a sin mediación  |b n  |2 rdamedio 
338 |a volumen  |b nc  |2 rdasoporte 
649 |a XX 
650 |a Ensayos Mexicanos 
650 |a Literatura Mexicana -  |y Siglo XX 
650 |a Literatura Mexicana -  |x Historia y Crítica 
650 |a Literatura Española -  |x Historia y Crítica 
650 |a Literatura Latinoamericana -  |x Historia y Crítica 
910 |a Fondo Salvador Reynoso Reynoso 
920 |a Impresos - Libros 
930 |a Fondos Especiales 
940 |a Literatura 
905 |a 112 
901 |a 0800015272  |b IT2  |c ESP  |u 20250521 
902 |a https://opac.biblio.iteso.mx/vufind/Record/000141861